000 00466nam a2200145 a 4500
001 000036742
005 20200930075917.0
008 120127s19uu xx 000 0 spa d
040 _aDO-SdBNP
_bspa
_cBNPHU
100 1 _aAndújar Carvajal, Carmen Delia
_963066
245 1 0 _aFolleto de teoría musical y biografías de músicos celebres /
_cCarmen Delia Andújar Carvajal.
250 _a3a ed.
260 _a[s. n.,
_cs.n. ].
300 _a49 p. :
_bil., mús. ;
_c22 cm.
999 _c36233
_d36233